000 00707cam a2200253u 4500
001 33197
003 BD-RjUL
005 20211209051950.0
008 140430s1956 mdu 000 0 eng
035 _a(BD-RjUL)33288
040 _aDLC
_cCarP
_dBD-RjUL
_beng
041 _aeng
082 _a297.83
_bSAP 1956
100 1 _aSalem, Elie Adib.
_9100826
245 0 0 _aPolitical theory and institutions of the Khawārij /
260 _aBaltimore :
_bJohns Hopkins Press,
_c1956.
300 _a117 p. :
_c23 cm.
650 0 _aKharijites.
_9100827
650 0 _aState, The.
_9100828
650 0 _aIslamic sociology.
_95672
942 _2ddc
_cBK
999 _c33197
_d33197